[Event "New Delhi Parsvnath blitz op 18th"]
[Site "New Delhi"]
[Date "2020.01.14"]
[Round "2"]
[White "Silva, Kevin Ranidu"]
[Black "Shreyash, Shuvam Patnaik"]
[Result "1-0"]
[WhiteElo "1854"]
[BlackElo "1887"]
[PlyCount "125"]
[EventDate "2020.01.14"]
[EventType "swiss (blitz)"]
[EventRounds "9"]
[EventCountry "IND"]
[SourceTitle "CBM 194 Extra"]
[Source "ChessBase"]
[SourceDate "2020.03.31"]
[SourceVersion "1"]
[SourceVersionDate "2020.03.31"]
[SourceQuality "1"]

1. e4 e5 2. Nf3 Nc6 3. Bc4 Bc5 4. c3 Nf6 5. d3 d6 6. 0-0 Be6 7. Bb5 a6 8. Ba4 b5 9. Bc2 Ba7 10. d4 exd4 11. cxd4 Bg4 12. d5 Nd4 13. Nbd2 Nxc2 14. Qxc2 0-0 15. b3 Re8 16. Re1 Bh5 17. Bb2 Bg6 18. Qc3 Rb8 19. a3 Qc8 20. h3 Re7 21. Nh4 Ne8 22. Nxg6 hxg6 23. Rac1 Qb7 24. Nf3 b4 25. axb4 Qxb4 26. Qxb4 Rxb4 27. e5 Rxb3 28. Ba1 dxe5 29. Nxe5 Bb6 30. Nc6 Rxe1+ 31. Rxe1 Nd6 32. Be5 Rd3 33. Bxd6 cxd6 34. Rb1 Bc5 35. Rb2 Rxd5 36. Ne7+ Kf8 37. Nxd5 f6 38. Rb8+ Kf7 39. Rb7+ Ke6 40. Ne3 a5 41. Rb5 Bb4 42. Kf1 Bc3 43. Ke2 Be5 44. Rxa5 f5 45. Rb5 g5 46. g4 g6 47. Kd3 Ke7 48. gxf5 Kf6 49. fxg6 Kxg6 50. Ng4 Bf4 51. Ke4 Kh5 52. Rb6 Kh4 53. Rb3 Kh5 54. Ne3 Kh4 55. Nf5+ Kh5 56. Rd3 Be5 57. Nxd6 Kh4 58. Nf5+ Kh5 59. Kxe5 Kg6 60. Rd6+ Kf7 61. Rd7+ Ke8 62. Ke6 Kf8 63. Rd8# 1-0

[Event "Commonwealth-ch U12"]
[Site "New Delhi"]
[Date "2019.07.05"]
[Round "5.3"]
[White "Shreyash, Shuvam Patnaik"]
[Black "Sreekar, JSS"]
[Result "1-0"]
[WhiteElo "1885"]
[BlackElo "1760"]
[PlyCount "117"]
[EventDate "2019.07.01"]
[EventType "swiss"]
[EventRounds "7"]
[EventCountry "IND"]
[SourceTitle "EXT 2024"]
[Source "ChessBase"]
[SourceDate "2023.10.10"]
[SourceVersion "1"]
[SourceVersionDate "2023.10.10"]
[SourceQuality "1"]

1. e4 c5 2. Nf3 Nc6 3. d4 cxd4 4. Nxd4 Nf6 5. Nc3 e5 6. Ndb5 d6 7. Bg5 a6 8. Na3 b5 9. Nd5 Be7 10. Bxf6 Bxf6 11. c3 Bg5 12. Nc2 0-0 13. Bd3 Ne7 14. Nxe7+ Qxe7 15. 0-0 d5 16. exd5 e4 17. Be2 Qc5 18. a4 Bb7 19. axb5 axb5 20. Qd4 Qxd5 21. Qxd5 Bxd5 22. Bxb5 Rab8 23. c4 Rfc8 24. Na3 Bc6 25. b3 e3 26. fxe3 Bxe3+ 27. Kh1 Bc5 28. Bxc6 Rxc6 29. Nb5 Rd8 30. Rad1 Rcc8 31. g3 f6 32. Nc3 Rb8 33. Rxd8+ Rxd8 34. Nd5 Rb8 35. Rb1 Kf7 36. b4 Bd4 37. b5 Bc5 38. Nc7 Bd4 39. Na6 Rc8 40. c5 Bxc5 41. Rc1 Rd8 42. Nxc5 Rb8 43. Rb1 Rb6 44. Na4 Rb8 45. b6 Ke7 46. b7 Kd6 47. Kg2 Kc6 48. Kf3 Rxb7 49. Rxb7 Kxb7 50. Nc5+ Kc6 51. Ne6 g5 52. Nf8 h6 53. Ke4 Kd6 54. Kf5 Ke7 55. Nh7 Kf7 56. Nxf6 Kg7 57. g4 Kf7 58. Nh5 Ke7 59. Kg6 1-0

[Event "IND-ch U13 33rd"]
[Site "Visakhapatnam"]
[Date "2019.05.07"]
[Round "6"]
[White "Shreyash, Shuvam Patnaik"]
[Black "Bharadia, Yash"]
[Result "0-1"]
[WhiteElo "1868"]
[BlackElo "1643"]
[PlyCount "90"]
[EventDate "2019.05.04"]
[EventType "swiss"]
[EventRounds "11"]
[EventCountry "IND"]
[SourceTitle "CBM 190 Extra"]
[Source "ChessBase"]
[SourceDate "2019.07.15"]
[SourceVersion "1"]
[SourceVersionDate "2019.07.15"]
[SourceQuality "1"]

1. e4 e5 2. Nf3 Nc6 3. d4 exd4 4. Bc4 Nf6 5. e5 d5 6. Bb5 Ne4 7. Nxd4 Bd7 8. Bxc6 bxc6 9. 0-0 Bc5 10. f3 Ng5 11. f4 Ne4 12. Be3 0-0 13. Nd2 Nxd2 14. Qxd2 Qe7 15. Nb3 Bb6 16. Qc3 f6 17. Bc5 Qf7 18. a4 a5 19. Rae1 Rfe8 20. Kh1 h5 21. h3 Rab8 22. exf6 Qxf6 23. Re5 Rxe5 24. Qxe5 Qf5 25. Qc3 Qf6 26. Rf3 Bf5 27. Bd4 Bxd4 28. Nxd4 Be4 29. Rg3 Rb4 30. Nxc6 Qxc3 31. Rxc3 Rxb2 32. Nd4 Rb4 33. Ne6 Rc4 34. Rg3 g6 35. c3 Kf7 36. Nd8+ Kf6 37. Kg1 Rxa4 38. Nc6 Kf5 39. Re3 Kxf4 40. Re2 Rc4 41. Rf2+ Ke3 42. Kf1 Rxc3 43. Re2+ Kf4 44. Kf2 Rxc6 45. g3+ Ke5 0-1

[Event "Asia Cities-ch 20th"]
[Site "Bhubaneswar"]
[Date "2017.08.30"]
[Round "7.6"]
[White "Shreyash, Shuvam Patnaik"]
[Black "Rajat, Kumar Sahoo"]
[Result "0-1"]
[WhiteElo "1696"]
[BlackElo "1755"]
[PlyCount "88"]
[EventDate "2017.08.26"]
[EventType "team-swiss"]
[EventRounds "9"]
[EventCountry "IND"]
[SourceTitle "CBM 180 Extra"]
[Source "ChessBase"]
[SourceDate "2017.10.06"]
[SourceVersion "1"]
[SourceVersionDate "2017.10.06"]
[SourceQuality "1"]
[WhiteTeam "Cuttack"]
[BlackTeam "Puri"]
[WhiteTeamCountry "IND"]
[BlackTeamCountry "IND"]

1. e4 e6 2. d4 d5 3. exd5 exd5 4. Bd3 c5 5. c3 Nf6 6. Ne2 Bd6 7. Bf4 0-0 8. 0-0 Nc6 9. Bg3 Bg4 10. f3 Be6 11. Bf2 c4 12. Bc2 b5 13. Nd2 a5 14. b3 Qc7 15. Bg3 Rfb8 16. Qe1 cxb3 17. Nxb3 Bxg3 18. hxg3 Nd7 19. Nf4 Re8 20. Qd2 a4 21. Nc1 g6 22. Bd3 Rab8 23. Re1 Qd6 24. Nce2 b4 25. Rac1 b3 26. axb3 axb3 27. Rb1 Na5 28. Nc1 Rb6 29. Kf2 Nf6 30. Rh1 Bd7 31. Nce2 Nc4 32. Bxc4 dxc4 33. Rh2 Bf5 34. Rb2 Ra6 35. Nc1 Qa3 36. Nfe2 Bc2 37. Rxc2 bxc2 38. Qxc2 Rb6 39. Qd2 Rb2 40. Qd1 Qe7 41. Rh1 Qe3+ 42. Kf1 Nd5 43. Qe1 Rc2 44. g4 Nxc3 0-1